Formule 1 - Pneumatiques - Statistiques

Statistiques générales
  • Ce quiz a été pris 91 fois
  • Le résultat moyen est 3 sur 9
Statistiques - réponses
Année de début Pays Réponse % Correct
1950 Italie Pirelli
95%
1977 France Michelin
94%
1976 Japon Bridgestone
53%
1964 USA Goodyear
48%
1950 Royaume-Uni Dunlop
22%
1954 Allemagne Continental
20%
1950 USA Firestone
12%
1954 Royaume-Uni Avon
2%
1950 Belgique Englebert
1%
Aucun quiz correspondant
Distribution des résultats
% des personnes avec chaque résultat
Percentile par nombre de réponses
Votre historique - résultats
Vous n’avez pas pris ce quiz